17 southernmost cities in England - Statistics

General Stats
  • This quiz has been taken 67 times
    37 since last reset
  • The average score is 13 of 18
Answer Stats
18 southernmost cities in England % Correct
Plymouth
92%
Southampton
92%
London
88%
Brighton & Hove
84%
Bristol
84%
Exeter
84%
Truro
84%
Oxford
80%
Portsmouth
80%
Bath
68%
Canterbury
68%
Gloucester
68%
Salisbury
64%
Winchester
64%
Wells
52%
Chichester
48%
Westminster
48%
Milton Keynes
20%
No matching quizzes found
Score Distribution
Percent of People with Each Score
Percentile by Number Answered
Your Score History
You have not taken this quiz since the last reset